La transformación social del conquistador /

El autor pretende hacer un estudio de la conquista a través de los ideales del conquistador.

Furkejuvvon:
Bibliográfalaš dieđut
Váldodahkki: Durand, José (autor)
Materiálatiipa: Girji
Giella:espánnjágiella
Ráidu:(México y lo Mexicano ; 15, 16)
Fáttát:
Fáddágilkorat: Lasit fáddágilkoriid
Eai fáddágilkorat, Lasit vuosttaš fáddágilkora!

MARC

LEADER 00000nam^a2200000^a^4500
001 000127881
005 20250521000000.0
009 20260310094816.48
037 |a Acervo ITESO - Biblioteca 
041 |a ESP 
082 |a 980. 013  |b DUR 
100 |a Durand, José  |e (autor) 
245 1 3 |a La transformación social del conquistador /  |c J. Durand. 
264 |a México :  |b Porrúa y Obregón,  |c 1953 
300 |a 2 v. 
336 |a texto  |b txt  |2 rdacontenido 
337 |a sin mediación  |b n  |2 rdamedio 
338 |a volumen  |b nc  |2 rdasoporte 
440 1 |a (México y lo Mexicano ;  |v 15, 16) 
520 |a El autor pretende hacer un estudio de la conquista a través de los ideales del conquistador. 
649 |a XX 
650 |a América -  |x Historia -  |y Descubrimiento y Exploración 
650 |a América -  |x Historia -  |y Epoca Colonial 
650 |a América -  |x Historia 
650 |a Conquistadores Españoles 
650 |a Exploradores y Viajeros Españoles 
910 |a Fondo Salvador Reynoso Reynoso 
920 |a Impresos - Libros 
930 |a Fondos Especiales 
905 |a 112 
901 |a 0800009562  |b IT2  |c ESP  |u 20250521 
901 |a 0800013926  |b IT2  |c ESP  |u 20250521 
902 |a https://opac.biblio.iteso.mx/vufind/Record/000127881